00234nam a2200097Ia 4500008004100000082001500041100001500056245002500071260002000096600002000116241002s9999 xx 000 0 und d a303.44 BUR aBury, J. B 4aThe idea of progress aNew York:c1955 aSocial Sciences